000 00291 a2200145 4500
001 168771
020 _a
040 _cMagnum
100 _aGuillevic, E.
240 1 0 _aDino y jacobo
_lESP
245 1 0 _aDino y jacobo
362 0 _a1899
697 _aLITERATURA ESTRANGEIRA
942 _cBK
999 _c168771
_d168771